| 000 | 00382nam a22001457a 4500 | ||
|---|---|---|---|
| 005 | 20250924085805.0 | ||
| 008 | 250924b |||||||| |||| 00| 0 eng d | ||
| 020 | _a8127207853 | ||
| 050 |
_aSB110 _bGOV |
||
| 100 | _aGOVINDAN K. | ||
| 245 | _aPRINCIOLES AND PRACTICES OF DRY LAND AGRICULTURE | ||
| 260 |
_aNEW DELHI _bKALYANI PUBLISHERS _c2003 |
||
| 300 | _a309p | ||
| 942 |
_2lcc _cBK _n0 |
||
| 999 |
_c7664 _d7664 |
||